NIFL Top 3 All Time - Statistics

General Stats
  • This quiz has been taken 37 times
    14 since last reset
  • The average score is 308 of 371
Answer Stats
Year Answer % Correct
1905–06 Cliftonville / Distillery
100%
1972–73 | 1975–76 | 1994–95 | +4 others Crusaders
100%
2022–23 | 2023–24 Larne
100%
1890–91 | 1891–92 | 1892–93 | +54 others Linfield
100%
Ballymena United
86%
1909–10 | 1997–98 | 2012–13 | 2013–14 Cliftonville
86%
1973–74 Coleraine
86%
1951–52 | 1956–57 | 1959–60 Glenavon
86%
1893–94 | 1896–97 | 1904–05 | +20 others Glentoran
86%
1989–90 | 1990–91 | 1995–96 | 2001–02 Portadown
86%
1957–58 Ards
71%
Lisburn Distillery
71%
Bangor
57%
1899–1900 | 1914–15 | 1919–20 | +11 others Belfast Celtic
57%
1964–65 Derry City
57%
1923–24 Queen's Island
57%
1895–96 | 1898–99 | 1900–01 | +2 others Distillery
43%
Shelbourne
43%
Lancashire Fusiliers
29%
Newry Town
29%
Ulster
29%
No matching quizzes found
Score Distribution
Percent of People with Each Score
Percentile by Number Answered
Your Score History
You have not taken this quiz since the last reset